| 000 | 01185nam a2200277 i 4500 | ||
|---|---|---|---|
| 001 | 88766 | ||
| 003 | ES-MaACL | ||
| 005 | 20230906175927.0 | ||
| 007 | t| | ||
| 008 | 050118s1887 sp ||||1| spa d | ||
| 080 | _a946.0"1808/14" | ||
| 100 | 1 |
_aGómez de Arteche, José. _957884 |
|
| 245 | 1 | 3 |
_aLa cooperación de los ingleses en la Guerra de la Independencia _b: discurso leído en el Ateneo de Madrid, la noche del 19 de abril de 1887 / _cpor el general D. José G. de Arteche. |
| 260 |
_aBarcelona : _b[s.n.], _c1887 ( _fF. Giró) |
||
| 300 |
_a39 p. ; _c24 cm. |
||
| 490 | 1 | _aPublicaciones de la Revista Científico-Militar | |
| 610 | 2 |
_aAteneo de Madrid- _vConferencias- _yS.XIX. _91910 |
|
| 610 | 2 |
_aAteneo de Madrid- _vObras digitalizadas. _91930 |
|
| 651 | 4 |
_aEspaña- _xHistoria- _y1808-1814, Guerra de la Independencia- _xParticipación británica. _98247 |
|
| 710 | 2 |
_aAteneo de Madrid. _91875 |
|
| 830 | 0 |
_aPublicaciones de la Revista Científico-Militar _9181177 |
|
| 852 |
_aES-MaACL _jT-462-F-6 |
||
| 852 |
_aES-MaACL _jFol-Laf-195 |
||
| 856 | 4 |
_uhttp://www.ateneodemadrid.com/biblioteca_digital/folletos/Discursos-021.pdf _zVer documento |
|
| 999 |
_c88766 _d88766 |
||